• 首页
  • 本馆介绍
  • 公告通知
  • 最新文献
  • 馆藏检索
  • 电子资源
  • 读者导购
  • 参考咨询
  • 我的图书馆
  • 登录
  • 详细信息显示
  • 放入我的书架
  • 预约/预借图书
  • 作者相关作品
  • 分类相关作品
  • 丛书相关作品
  • 出版社相关作品

书目信息

  • 表格格式
  • 工作单格式
  • 卡片格式
题名:
电动力学简明教程
    
 
作者: 钟采池 编
分册:  
出版信息:    1984
页数: 242页
开本: 20cm
丛书名:
单 册:
中图分类: O442
科图分类:
主题词: 电磁学 , 电动力学
电子资源:
ISBN:
000 00618nam0 2200229 45
001 0312221749
005 20060731103106.78
010    @dCNY1.27
100    @a20031222d1984 km y0chiy0120 ea
101    @achi
200 1  @a电动力学简明教程@ADian Dong Li Xue Jian Ming Jiao Cheng@f钟采池等编@FZhong Cai Chi Deng Bian
205    @a2版
210    @d1984
215    @a242页@d20cm
300    @a高等师范专科学校交流讲义
517    @a理论物理概论之一@ALi Lun Wu Li Gai Lun Zhi Yi
606 0  @a电磁学
606 0  @a电动力学
690    @aO442@v3
701 0  @a钟采池@4编
801    @aCN@bTSTCL@c20060731
905    @dO442@e1=2
    
    电动力学简明教程/钟采池等编.-2版.-1984
    242页;20cm
    高等师范专科学校交流讲义
    
    ISBN :CNY1.27
    
●
相关链接 在E读中查询图书 在五车中查询图书 在当当中查询图书 在豆瓣中查询图书


正题名:电动力学简明教程     索取号:O442/1=2         预约/预借

序号 登录号 条形码 馆藏地/架位号 状态 备注
1 0434062   204340622   密集书库/ [索取号:O442/1=2] 在馆    
2 0434063   204340631   密集书库/ [索取号:O442/1=2] 在馆    
3 0434064   204340640   密集书库/ [索取号:O442/1=2] 在馆    
唐山师范学院图书馆 欢迎您!
大连网信软件有限公司© 版权所有